000
00304nam a22001457a 4500
008
210302b ||||| |||| 00| 0 eng d
020
_a
9781464108785
041
_a
eng
080
_a
159.9
082
_a
159.9
100
_a
48
101
_a
PSI
245
_a
Psychology
_c
Licht, D,M
942
_2
udc
_c
BK
999
_c
55526
_d
55526